| 000 | 01270 a2200241 4500 | ||
|---|---|---|---|
| 020 | _a0521603781 | ||
| 020 | _a9780521603782 | ||
| 040 |
_aDLC _bDLC |
||
| 082 | _a425 | ||
| 100 | 1 | _aMcCarthy, Michael, | |
| 245 | 1 | 0 |
_aEnglish collocations in use: how words work together for fluent and natural English _bhow words work together for fluent and natural English : self-study and classroom use _cMichael McCarthy, Felicity O'Dell. |
| 260 |
_aCambridge ; _aNew York : _bCambridge University Press,. _cc2005. |
||
| 300 |
_a190 p. : _bill. ; _c27 cm. |
||
| 500 | _aIncludes index. | ||
| 520 | _aCollocations are combinations of words which frequently appear together. Using them makes your English sound more natural. Presents and explains approximately 1,500 word combinations in typical contexts using tables, charts, short texts and dialogues. | ||
| 650 | 0 |
_aEnglish language _xIdioms. |
|
| 650 | 0 | _aCollocation (Linguistics) | |
| 650 | 0 |
_aEnglish language _xStudy and teaching _xForeign speakers. |
|
| 700 | 1 |
_aO'Dell, Felicity, _d1947- |
|
| 856 | 4 | 2 |
_3Publisher description _uhttp://www.loc.gov/catdir/enhancements/fy0633/2006295730-d.html |
| 856 | 4 | 2 |
_3Table of contents only _uhttp://www.loc.gov/catdir/enhancements/fy0633/2006295730-t.html |
| 942 |
_cBK _k425 MCC _2ddc |
||
| 999 |
_c7450 _d7450 |
||